[Event "Passau op 6th"]
[White "Meister, Robert"]
[Black "Siegler, Wolfgang"]
[Site "Passau"]
[Round "6"]
[Result "1/2-1/2"]
[Date "1998.04.12"]
[WhiteElo "1683"]
[BlackElo "1965"]
[PlyCount "126"]
[EventDate "1998.04.10"]
[EventType "swiss"]
[EventRounds "7"]
[EventCountry "GER"]
[SourceTitle "EXT 1999"]
[Source "ChessBase"]
[SourceDate "1998.11.16"]
[SourceVersion "1"]
[SourceVersionDate "1998.11.16"]
[SourceQuality "1"]

1. e4 c5 2. d4 cxd4 3. c3 dxc3 4. Nxc3 Nc6 5. Nf3 d6 6. h3 e6 7. Bc4 Nge7 8. Qe2 a6 9. a3 Ng6 10. 0-0 Be7 11. Rd1 0-0 12. Be3 Bd7 13. a4 Rc8 14. Rab1 h6 15. Ba2 Qa5 16. Nd2 Nb4 17. Nc4 Qc7 18. Bb3 Bc6 19. Bb6 Qb8 20. Ba5 d5 21. Nb6 dxe4 22. Nxc8 Rxc8 23. Bb6 Nf4 24. Qg4 h5 25. Qg3 Bd5 26. Nxd5 Ne2+ 27. Kh2 Nxg3 28. Nxe7+ Kf8 29. Nxc8 Ne2+ 30. Kh1 Nd3 31. Bc4 Qxc8 32. Bxd3 exd3 33. Rxd3 Qc6 34. a5 Nf4 35. Rd8+ Ke7 36. f3 Qc2 37. Rg1 h4 38. Kh2 Ne2 39. Rgd1 Qg6 40. R8d7+ Kf6 41. Bd8+ Kf5 42. Bxh4 Qh6 43. Bf2 f6 44. g3 e5 45. Re1 Nd4 46. Re3 Kg6 47. Kg2 Nf5 48. Re4 Qc1 49. b4 Qc6 50. Rd2 Nd6 51. Rg4+ Kf7 52. Bc5 Nb5 53. Rd8 g5 54. h4 Qe6 55. hxg5 f5 56. g6+ Kf6 57. Rf8+ Kg7 58. Rf7+ Kg8 59. Rg5 Qa2+ 60. Kh3 Nd4 61. Bxd4 exd4 62. Rfxf5 Qe6 63. g4 Qe1 1/2-1/2